Normal view
MARC view
Entry Personal Name
001 - CONTROL NUMBER
- control field: 62123
003 - CONTROL NUMBER IDENTIFIER
- control field: dpl
005 - DATE AND TIME OF LATEST TRANSACTION
- control field: 20240215123822.0
008 - FIXED-LENGTH DATA ELEMENTS
- fixed length control field: 240215|| aca||aabn | a|a d
040 ## - CATALOGING SOURCE
- Original cataloging agency: dpl
- Transcribing agency: dpl
100 ## - HEADING--PERSONAL NAME
- Personal name: Chandra , Prashant
670 ## - SOURCE DATA FOUND
- Source citation: Work cat.: (dpl)200777: Chandra , Prashant, Liberty Child Custody and Detention /, 2021
